000 00856nam a2200205Ia 4500
999 _c38879
_d38879
001 5292
003 GE_BSU
005 20190502101624.0
008 181216s1975||||ge |||||||||||||| ||geo||
040 _cGE_BSU
041 _ageo
080 _a624.014(072) ჯ-14
100 _aჯავახიშვილი, ვ.
_9594
245 _aლითონის კონსტრუქციები :
_bმეთოდური მითითებანი /
_cვ. ჯავახიშვილი ; რედ. ე. კირვალიძე.
264 _aთბილისი :
_bსპი,
_c1975.
300 _a75 გვ. :
_bნახაზები ;
_c20 სმ.
653 _aლითონის კონსტრუქციები.
700 _aკირვალიძე, ე.
_eრედაქტორი
_9492
942 _cBK
_2udc